Economic comparison among new EU members

Saved in:
Bibliographic Details
Main Author: Ivaničová, Zlatica
Format: Book Chapter
Language:English
Tags: Add Tag
No Tags, Be the first to tag this record!

MARC

LEADER 00000naa$a2200000$$$4500
001 0062207
005 20240502071711.8
041 0 |a eng 
044 |a SK 
245 1 0 |a Economic comparison among new EU members  |c Zlatica Ivaničová 
100 1 |a Ivaničová, Zlatica